00889 am a2200205 a 450000500170000000800410001702000150005804100080007310000170008124500820009825000110018026000630019130000110025450001580026565300330042365301200045665300400057665300450061670000220066120240227132334.0100610s1988||||ag # f |||| 001 0 spa d a950251329X aspa1 aKatz, Jorge. aOrganización del sector salud.bPuja distributiva y equidad / cJorge Katz a1a ed. aBuenos Aires: bBibliotecas Universitarias ; CEPAL;c1988. a122 p. aKatz, J. y Muñoz, A. (1988). Organización del sector salud. Puja distributiva y equidad. (1a ed.). Buenos Aires : Bibliotecas Universitarias ; CEPAL. aMorfología de los mercados aSituación contemporanea de la seguridad social médica en la República Argentina: el sistema de obras sociales aFuncionamiento del mercado de salud aSector público en el campo de la salud1 aMuñoz, Alberto.